Психологія поетапного формування операційних структур систематизації (Запис № 332908)

МАРК-запис
000 -Лідер
fixed length control field 02094nam a22002537a 4500
003 - Ідентифікатор контрольного номера
control field UA-OsUOA
005 - Дата та час останнього входження (трансакції)
control field 20201026151327.0
008 - Елементи даних фіксованої довжини – загальна інформація
fixed length control field 20070706b un ||||| |||| 00| 0 ukr d
020 ## - Міжнародний стандартний книжковий номер (ISBN)
Міжнародний стандартний книжковий номер (ISBN) (НП) 9669516625
040 ## - Джерело каталогізації
Агенція оригінальної каталогізації UA-OsUOA
Мова каталогізації ukr
Агенція, яка здійснювала перезапис UA-OsUOA
Агенція, яка здійснювала модифікацію UA-OsUOA
041 ## - Код мови
Код мови тексту/ звукової доріжки чи окремого заголовка (П) ukr
080 ## - Індекс Універсальної десяткової класифікації
Індекс Універсальної десяткової класифікації (УДК) (НП) 159.955
090 ## - Локальний шифр розміщення
Класифікаційний індекс УДК 159.955
Авторський знак (НП) П19
100 ## - Основне введення – ім’я особи
Ім’я особи (НП) Пасічник І.Д.
245 ## - Відомості про назву
Назва (НП) Психологія поетапного формування операційних структур систематизації
Решта назви (НП) монографія
Дані про відповідальність (НП) І. Д. Пасічник
250 ## - Відомості про видання (редакцію)
Відомості про видання (редакцію) (НП) вид. 2-ге, перероб. та доп.
260 ## - Публікація, розповсюдження і т.п. (Вихідні дані)
Місце публікації, розповсюдження і т.п. (П) Острог
Ім’я/ наймення видавництва, розповсюджувача і т.п. (П) Острозька академія
Дата публікації, розповсюдження і т.п. (П) 2004
300 ## - Фізичний опис
Обсяг 242 с.
505 ## - Форматована примітка про зміст
Форматована примітка про зміст Зміст<br/><br/>Розділ І<br/>ПРОБЛЕМА, ЗАВДАННЯ І МЕТОДИКА ДОСЛІДЖЕННЯ...4<br/><br/>Розділ ІІ <br/>ОПЕРАЦІЙНІ СТРУКТУРИ РОЗУМОВОЇ ДІЇ СИСТЕМАТИЗАЦІЇ ТА ЇХ ДИНАМІКА (НАВЧАЮЧИЙ ЕКСПЕРИМЕНТ)...55<br/><br/>Розділ ІІІ<br/>ПСИХОЛОГО-ДИДАКТИЧНІ СПЕЦИФІКА ФОРМУВАННЯ ОПЕРАЦІЙНИХ СТРУКТУР СИСТЕМАТИЗАЦІЇ (РЕЗУЛЬТАТИ ЕКСПЕРИМЕНТУ)...99<br/><br/>ВИСНОВКИ...214<br/>СПИСОК ВИКОРИСТАНИХ ДЖЕРЕЛ...226
520 ## - Резюме і т.п.
Резюме, реферат, анотація, тощо (НП) У монографії висвітлені результати природнього експерименту формування операційних структур мислення, як складових дії систематизації. Встановлено залежність росту систематизації від методів навчання, поетапного формування окремих операцій, ілюструється вікова динаміка.<br/>Рекомендована для психологів, педагогів, вчителів математики, студентів вузів.
650 #7 - Додаткове предметне введення – тематичний термін
Тематичний термін чи географічна назва, як елемент введення (НП) 159.9 Психологія
Джерело заголовка чи терміна UDC
942 ## - Додаткові елементи входу (Коха)
Тип елемента Koha Книги
Source of classification or shelving scheme Universal Decimal Classification
955 ## - Код типу видання за змістом
Код типу видання за змістом (НП) Науково-популярні видання
Фонди
Стан вилучень Стан втрат Джерело класифікації або схеми стелажів Стан уражень Не для кредиту Код колекції Постійне місце розташування Поточне розміщення Дата придбання Джерело придбання Вартість, звичайна ціна покупки Інвентарний номер Усього замовленно Повний номер виклику Штрих-код Перевірено Дата останнього перегляду Дата останньої перевірки Ціна ефективна від Тип елемента Koha Вартість, ціна заміни
    Universal Decimal Classification       АБ - Абонемент НБ АБ - Абонемент НБ 26/10/2020 №25/21.10.2020 14.00     159.955 П19 163001   02/11/2021   26/10/2020 Книги 14.00
    Universal Decimal Classification     Колекція Пасічника І.Д. ЧЗ - Читальна зала ЧЗ - Читальна зала 06/07/2007 124/2007 5.00 105506 1 159.955 П19 105506 16/12/2025 17/09/2025 17/09/2025 06/07/2007 Книги  
    Universal Decimal Classification     Колекція Пасічника І.Д. ЧЗ - Читальна зала ЧЗ - Читальна зала 05/06/2008 77/2008 14.00 113629 1 159.955 П19 113629   23/09/2024 19/09/2024 06/07/2007 Книги